| 000 | 00957nam a2200217 i 4500 | ||
|---|---|---|---|
| 005 | 20251108165341.0 | ||
| 008 | 250721b9999 ua gr 000 0 ara d | ||
| 082 | 1 | 4 |
_a212 _bك ث ي |
| 100 | 1 |
_aإبن كثير، عماد الدين إسماعيل بن عمر _eمؤلف. |
|
| 245 | 1 | 0 |
_aتفسير القرآن العظيم / _c للحافظ عماد الدين إسماعيل بن عمر بن كثير؛ تحقيق عبد العزيز غنيم ، محمد احمد عاشور، محمد ابراهيم البنا. |
| 264 | 1 |
_aالقاهره : _bدار الشعب، _c[بين 1900 و 1999]. |
|
| 300 | _a8 مجلد. | ||
| 490 | 0 | _aكتاب الشعب. | |
| 650 | 1 | 7 | _aالقرآن الكريم. |
| 650 | 1 | 7 | _aالتفسير. |
| 700 | 1 |
_aغنيم، عبد العزيز _eمحقق. |
|
| 700 | 1 |
_aالبنا، محمد إبراهيم _eمحقق. |
|
| 700 | 1 |
_aعاشور، محمد أحمد _eمحقق. |
|
| 942 |
_2ddc _cREF |
||
| 999 |
_c25770 _d25770 |
||